[Event "AUT-chT 2223"]
[Site "Austria"]
[Date "2022.11.06"]
[Round "4.5"]
[White "Ciolek, Andreas"]
[Black "Deuer, Marius"]
[Result "1/2-1/2"]
[WhiteElo "2316"]
[BlackElo "2338"]
[PlyCount "72"]
[EventDate "2022.11.03"]
[EventType "team-tourn"]
[EventRounds "11"]
[EventCountry "AUT"]
[SourceTitle "EXT 2024"]
[Source "ChessBase"]
[SourceDate "2023.10.10"]
[SourceVersion "1"]
[SourceVersionDate "2023.10.10"]
[SourceQuality "1"]
[WhiteTeam "Schach ohne Grenzen"]
[BlackTeam "Goetzis"]
[WhiteTeamCountry "AUT"]
[BlackTeamCountry "AUT"]

1. e4 c6 2. Nc3 d5 3. Nf3 dxe4 4. Nxe4 Nf6 5. Qe2 Nxe4 6. Qxe4 Qa5 7. Bd3 e6 8. c3 Nd7 9. Bc2 Nf6 10. Qe2 Bd6 11. d4 h6 12. 0-0 Qc7 13. Re1 b6 14. Ne5 Bb7 15. Bf4 0-0-0 16. a4 g5 17. Bd2 Nd5 18. c4 Nf4 19. Bxf4 gxf4 20. Be4 a5 21. Qf3 Bxe5 22. dxe5 Rd4 23. Rac1 c5 24. Qxf4 f5 25. Bxb7+ Qxb7 26. Qf3 Qxf3 27. gxf3 Rd2 28. b3 Rhd8 29. Rc3 R8d4 30. Rce3 h5 31. R1e2 Rd1+ 32. Kg2 h4 33. Re1 R1d2 34. R1e2 Rd1 35. Re1 R1d2 36. R1e2 Rd1 1/2-1/2

[Event "EU-Cup 37th"]
[Site "Mayrhofen"]
[Date "2022.10.08"]
[Round "6.3"]
[White "Christiansen, Johan Sebastian"]
[Black "Ciolek, Andreas"]
[Result "1-0"]
[WhiteElo "2576"]
[BlackElo "2301"]
[PlyCount "71"]
[EventDate "2022.10.03"]
[EventType "team-swiss"]
[EventRounds "7"]
[EventCountry "AUT"]
[SourceTitle "CBM 210 Extra"]
[Source "ChessBase"]
[SourceDate "2022.11.30"]
[SourceVersion "1"]
[SourceVersionDate "2022.11.30"]
[SourceQuality "1"]
[WhiteTeam "Offerspill"]
[BlackTeam "Schach ohne Grenzen"]
[WhiteTeamCountry "NOR"]
[BlackTeamCountry "GER"]

1. Nf3 Nf6 2. c4 g6 3. g3 Bg7 4. Bg2 0-0 5. d4 d6 6. Nc3 c5 7. dxc5 dxc5 8. 0-0 Nc6 9. Bf4 Nh5 10. Be3 Nd4 11. Qd2 Bg4 12. Rad1 Bxf3 13. exf3 e6 14. f4 Qe7 15. Bxd4 Bxd4 16. Nb5 Rfd8 17. Qe2 Bf6 18. Rxd8+ Rxd8 19. Nxa7 Ra8 20. Nb5 Rxa2 21. Rb1 b6 22. Qc2 Ng7 23. Na3 Bxb2 24. Nb5 Qf6 25. Bf1 Qf5 26. Bd3 Qf6 27. Kg2 Qd8 28. Be4 Nf5 29. Rxb2 Ra1 30. Ra2 Rxa2 31. Qxa2 Qd1 32. Bxf5 gxf5 33. Qa8+ Kg7 34. Qc6 Qd3 35. Nd6 Qd4 36. Qd7 1-0

[Event "Bundesliga 2122"]
[Site "Germany"]
[Date "2022.07.10"]
[Round "15.7"]
[White "Ciolek, Andreas"]
[Black "Rogozenco, Dorian"]
[Result "1/2-1/2"]
[WhiteElo "2191"]
[BlackElo "2448"]
[PlyCount "58"]
[EventDate "2022.03.05"]
[EventType "team-tourn"]
[EventRounds "15"]
[EventCountry "GER"]
[SourceTitle "CBM 209 Extra"]
[Source "ChessBase"]
[SourceDate "2022.09.30"]
[SourceVersion "1"]
[SourceVersionDate "2022.09.30"]
[SourceQuality "1"]
[WhiteTeam "Muenchen 36"]
[BlackTeam "Hamburger SK"]
[WhiteTeamCountry "GER"]
[BlackTeamCountry "GER"]

1. d4 Nf6 2. Nf3 d5 3. g3 c5 4. Bg2 cxd4 5. 0-0 e6 6. Nxd4 e5 7. Nb3 Be6 8. c4 Nc6 9. cxd5 Nxd5 10. N1d2 Be7 11. Ne4 b6 12. Nc3 Ndb4 13. Nd2 0-0 14. Qa4 Nd4 15. a3 Nd5 16. Ndb1 Rc8 17. e3 b5 18. Qd1 Nxc3 19. Nxc3 Nb3 20. Rb1 Qxd1 21. Rxd1 Rfd8 22. Rxd8+ Rxd8 23. e4 Nxc1 24. Rxc1 Bg5 25. Rb1 a6 26. Nd5 Rc8 27. f4 exf4 28. gxf4 Bd8 29. Rd1 g6 1/2-1/2

[Event "Bundesliga 2122"]
[Site "Germany"]
[Date "2022.05.29"]
[Round "10.7"]
[White "Bacrot, Etienne"]
[Black "Ciolek, Andreas"]
[Result "1-0"]
[WhiteElo "2635"]
[BlackElo "2191"]
[PlyCount "79"]
[EventDate "2022.03.05"]
[EventType "team-tourn"]
[EventRounds "15"]
[EventCountry "GER"]
[SourceTitle "EXT 2023"]
[Source "ChessBase"]
[SourceDate "2022.10.05"]
[SourceVersion "1"]
[SourceVersionDate "2022.10.05"]
[SourceQuality "1"]
[WhiteTeam "Baden-Baden"]
[BlackTeam "Muenchen 36"]
[WhiteTeamCountry "GER"]
[BlackTeamCountry "GER"]

1. e4 c5 2. Nf3 d6 3. Bb5+ Nd7 4. Ba4 Ngf6 5. 0-0 g6 6. Re1 Bg7 7. c3 0-0 8. d4 a6 9. e5 Ne8 10. exd6 exd6 11. Bf4 b5 12. Bc2 Bb7 13. Nbd2 Ndf6 14. dxc5 dxc5 15. Nb3 c4 16. Nc5 Bd5 17. b4 Nd6 18. a4 Nb7 19. Nd4 Qb6 20. Be3 Rfe8 21. Qd2 Bf8 22. Nxb7 Qxb7 23. f3 Rad8 24. Bh6 Nd7 25. h4 Ne5 26. Bxf8 Kxf8 27. axb5 axb5 28. h5 Kg8 29. Qg5 Qe7 30. Qxe7 Rxe7 31. hxg6 hxg6 32. Kf2 f6 33. Kg3 Rb7 34. Ra6 Kf7 35. Rd1 Rc8 36. Rd6 Bc6 37. f4 Nd3 38. Nxc6 Rbc7 39. Nd4 Re7 40. Bxd3 1-0

[Event "Bassano del Grappa Easter op-A 2nd"]
[Site "Bassano del Grappa"]
[Date "2022.04.14"]
[Round "2"]
[White "Nikolov, Momchil"]
[Black "Ciolek, Andreas"]
[Result "1-0"]
[WhiteElo "2473"]
[BlackElo "2239"]
[PlyCount "65"]
[EventDate "2022.04.14"]
[EventType "swiss"]
[EventRounds "9"]
[EventCountry "ITA"]
[SourceTitle "CBM 207 Extra"]
[Source "ChessBase"]
[SourceDate "2022.05.31"]
[SourceVersion "1"]
[SourceVersionDate "2022.05.31"]
[SourceQuality "1"]

1. d4 Nf6 2. c4 g6 3. Nc3 Bg7 4. e4 d6 5. h3 0-0 6. Be3 e5 7. d5 Na6 8. Nf3 Nc5 9. Nd2 a5 10. Be2 Bd7 11. g4 c6 12. g5 Ne8 13. h4 Nc7 14. Qc2 Qb8 15. 0-0-0 N7a6 16. a3 cxd5 17. Nxd5 b5 18. cxb5 Bxb5 19. Bxb5 Qxb5 20. Kb1 Rfb8 21. Nc4 Na4 22. Rd2 N6c5 23. Bxc5 dxc5 24. Nc7 Qc6 25. Nxa8 Nc3+ 26. Qxc3 Qxe4+ 27. Ka2 Qxh1 28. Nab6 Qxh4 29. Qg3 Qh1 30. Nd7 Rd8 31. Ndxe5 Rd4 32. Rxd4 cxd4 33. Qf3 1-0

[Event "Bundesliga 2122"]
[Site "Germany"]
[Date "2022.04.10"]
[Round "4.8"]
[White "Abergel, Thal"]
[Black "Ciolek, Andreas"]
[Result "1/2-1/2"]
[WhiteElo "2374"]
[BlackElo "2191"]
[PlyCount "42"]
[EventDate "2022.03.05"]
[EventType "team-tourn"]
[EventRounds "15"]
[EventCountry "GER"]
[SourceTitle "EXT 2023"]
[Source "ChessBase"]
[SourceDate "2022.10.05"]
[SourceVersion "1"]
[SourceVersionDate "2022.10.05"]
[SourceQuality "1"]
[WhiteTeam "Viernheim"]
[BlackTeam "Muenchen 36"]
[WhiteTeamCountry "GER"]
[BlackTeamCountry "GER"]

1. e4 c5 2. Nf3 d6 3. d4 cxd4 4. Nxd4 Nf6 5. Nc3 a6 6. h4 e5 7. Nb3 Be7 8. Be2 Be6 9. f4 Qc7 10. f5 Bc4 11. g4 h6 12. Be3 b5 13. Bxc4 Qxc4 14. Qf3 b4 15. Nd2 Qc6 16. Ne2 d5 17. exd5 Qxd5 18. Qxd5 Nxd5 19. Bf2 Nd7 20. 0-0-0 N7f6 21. Rhg1 h5 1/2-1/2